Max Weiler - umenie ako príroda

Podrobná bibliografia
Hlavný autor: Abelovský, Ján, 1950- (Autor)
Médium: Článok
Jazyk:slovenčina
Fyzický popis:Obr. 3.
Predmet:

MARC

LEADER 00000nab a2200000 a 4500
001 vtls000396573
003 SK-MaSNL
005 20260303162315.0
008 230302c1990 xo 0 slo
015 |a SNBRB19rr/mm-uuuuu 
035 |a CL0396697 
035 |a urn:nbn:sk:snk-abamtw 
035 |a (urnnbn)urn:nbn:sk:snk:ar-0089fz 
035 |a (uuid)b6720dc8-bbec-45ab-84c9-e8e10ab49823 
040 |a SNKBUCL  |b slo  |c SNKBUCL  |e AACR2 
041 0 |a slo 
044 |a xo  |c SK 
080 |a 75.071.1  |2 1981 
080 |a 74.071.1  |2 1981 
080 |a 929 Weiler, Max  |2 1981 
100 1 |a Abelovský, Ján,  |d 1950-  |4 aut  |9 19456 
245 1 0 |a Max Weiler - umenie ako príroda  |c Ján Abelovský ; Max Weiler 
300 |b Obr. 3. 
600 1 7 |a Weiler, Max  |d 1910-  |x profily  |2 snkbucl  |9 952904 
650 0 7 |a Weiler, Max  |2 snkbucl  |9 952905 
655 7 |a články z novín a časopisov  |2 snkbucl  |9 267496 
773 0 |t Literárny týždenník  |g Roč. 3, č. 40 (1990), s. 14 
850 |a Slovenská národná knižnica v Martine  |a MTA001 
852 |a SNK  |b KIS3GCP 
954 |a odborná, vedecká literatúra pôvodná (slovenská)  |2 lita 
958 |a OND 
958 |a RK 
958 |a EUIPO 
958 |a article14 
999 |c 2053081  |d 2055011